000 01085nam a22003137a 4500
001 6946
003 FISKH
005 20250812141951.0
008 250611b cb ||||| |||| 00| 0 eng d
020 _a9780439085700
040 _aFISKH
_beng
_cFISKH
_dFISKH
050 _aQB46 .B463
082 _a523
100 _aBerger, Melvin
_d(1927-)
245 _aDo stars have points? /
_cQuestions and Answers about stars and Planets ; Melvin and Gilda Berger ; Illustrated by Vincent Di Fate
250 _aThis edition first published in 1998
260 _aNew York :
_bScholastic,
_c1998
300 _a48 pages :
_bcolor illustrations ;
_c21 x 26 cm
505 _aR
520 _aQuestions and answers explore various aspects of stars and our solar system, including the sun, planets, moons, comets, and asteroids.
521 8 _a760
_bLexile
521 8 _aR
_bRaz-Plus
650 _2Astronomy
_aInformational
650 _2Science
_aSolar system
700 _aBerger, Gilda
_d(1935-)
700 _aDi Fate, Vincent
_dillustrator
942 _2ddc
_cBK
_n0
999 _c6946
_d6946